[Event "HCL-A2529"]
[Site "www.playchess.de"]
[Date "2006.01.20"]
[Round "6"]
[White "carrillero"]
[Black "taroak"]
[WhiteElo "1598"]
[BlackElo "1458"]
[PlyCount "39"]
[Result "1-0"]

1.d4 {Hi, good luck}  g6 2.e4 Bg7 {THx you too}  
3.Bc4 c5 4.Ne2 cxd4 5.Nxd4 Nc6 6.Nxc6 bxc6 7.c3 
Qa5 8.O-O Ba6 9.Qe2 Bxc4 10.Qxc4 Nf6 11.Be3 O-O 
12.Nd2 Rac8 13.Nb3 Qc7 14.f3 d5 15.exd5 cxd5 
16.Qxc7 Rxc7 17.Bd4 Nd7 18.f4 Nf6 19.Nc5 Rb8 
20.Na6 1-0

[Event "HCL-C4081"]
[Site "www.playchess.de"]
[Date "2006.01.20"]
[Round "2"]
[White "DavidFields"]
[Black "Farquhart"]
[WhiteElo "1178"]
[BlackElo "596"]
[PlyCount "61"]
[Result "1-0"]

1.d4 {Hello from Texas, USA}  d5 2.c4 dxc4 3.e4 b5 
4.Nf3 e6 5.Bd2 Nc6 6.Be3 Nf6 7.b3 cxb3 8.Qxb3 Nxe4 
9.Qxb5 Bd7 10.Qd3 f5 11.Be2 Bb4+ 12.Bd2 Rb8 13.O-O 
g5 14.d5 g4 15.dxc6 Bxc6 16.Nd4 Qd5 17.f3 gxf3 
18.Rxf3 Bb5 19.Nxb5 Nxd2 20.Nxc7+ {sorry}  Ke7 
21.Nxd5+ Kf7 22.Nxd2 Bc5+ 23.Ne3 Rhd8 24.Qc2 Bd6 
25.Nxf5 exf5 26.Bc4+ Ke8 27.Qa4+ Rd7 28.Bf7+ Kxf7 
29.Qxd7+ Be7 30.Qxf5+ Bf6 31.Qxf6+ 1-0

[Event "HCL-B3819"]
[Site "www.playchess.de"]
[Date "2006.01.20"]
[Round "5"]
[White "taroak"]
[Black "VITAL"]
[WhiteElo "1506"]
[BlackElo "1232"]
[PlyCount "20"]
[Result "0-1"]

1.d4 d5 2.Nc3 Nf6 3.Bg5 Ne4 4.Nxe4 dxe4 5.e3 f6 
6.Bh4 a6 7.Ne2 Nc6 8.c4 e5 9.d5 Bg4 10.dxc6 
Bb4+ 0-1

[Event "HCL-C3944"]
[Site "www.playchess.de"]
[Date "2006.01.20"]
[Round "1"]
[White "Opps"]
[Black "Djusta"]
[WhiteElo "1088"]
[BlackElo "1333"]
[PlyCount "64"]
[Result "0-1"]

1.e4 {Hello Hope we both enjoy the game.}  e5 
{Good luck.}  2.Nf3 Nf6 3.Bd3 Nc6 4.O-O d5 5.Nc3 
dxe4 6.Nxe4 Be7 7.Bb5 Nxe4 8.Nxe5 Bd7 9.Nxf7 Kxf7 
10.Qf3+ Nf6 11.Re1 Re8 12.Bc4+ Kf8 13.c3 Bd6 
14.Be2 Bg4 15.Qd3 Bxe2 16.Qc2 Nb4 17.Qb3 Nd3 
18.Rxe2 Rxe2 19.g3 Rxf2 20.Qxb7 Bc5 21.b4 Bb6 
22.Ba3 Rxd2+ 23.Kh1 Nf2+ 24.Kg1 Nh3+ 25.Kh1 Rd1+ 
26.Rxd1 Nf2+ 27.Kg2 Nxd1 28.b5+ Kg8 29.Qf3 Qd5 
30.Qxd5+ Nxd5 31.Bd6 cxd6 32.c4 
N5e3+ 0-1

[Event "HCL-A2509"]
[Site "www.playchess.de"]
[Date "2006.01.20"]
[Round "33"]
[White "taroak"]
[Black "daddy_4_eyes"]
[WhiteElo "1399"]
[BlackElo "1515"]
[PlyCount "54"]
[Result "0-1"]

1.e4 {Good Luck}  c5 {You too.}  2.Nf3 d6 3.d4 
cxd4 4.Nxd4 Nf6 5.Nc3 a6 6.Be2 e5 7.Nb3 b5 8.f3 
Bb7 9.Be3 Nbd7 10.Qd2 Qc7 11.O-O-O b4 12.Nd5 Nxd5 
13.exd5 a5 14.f4 e4 15.Nd4 Nf6 16.Bb5+ Kd8 17.Nc6+ 
Bxc6 18.Bxc6 Ra6 19.Bd4 Be7 20.Rhe1 Rxc6 21.c3 
Nxd5 22.Bxg7 Rg8 23.Qxd5 Rxg7 24.Rxe4 bxc3 25.b3 
Rc5 26.Qd4 f6 27.g4 Rxg4 0-1

[Event "HCL-B3815"]
[Site "www.playchess.de"]
[Date "2006.01.20"]
[Round "8"]
[White "dynamike"]
[Black "tusnelda"]
[WhiteElo "1610"]
[BlackElo "1182"]
[PlyCount "123"]
[Result "1-0"]

1.e4 e5 2.Nf3 Nc6 3.Bc4 h6 4.O-O Nf6 5.Nc3 Bc5 
6.d3 d6 7.h3 a6 8.Re1 b5 9.Bb3 Na5 10.Nd5 Nxb3 
11.axb3 Nxd5 12.exd5 O-O 13.c4 b4 14.Qe2 a5 15.Be3 
Bxe3 16.Qxe3 Bf5 17.d4 e4 18.Nd2 Re8 19.Qf4 Bh7 
20.Nxe4 f5 21.Ng3 Bg6 22.Re6 Bf7 23.Qxf5 Bxe6 
24.dxe6 Qf6 25.Qxf6 gxf6 26.d5 Kg7 27.f4 Kg6 
28.f5+ Kg5 29.Re1 Reg8 30.Kf2 h5 31.Ke3 Rgf8 
32.Ke4 a4 33.Ra1 a3 34.Ra2 Ra6 35.Ne2 Rfa8 36.Nd4 
axb2 37.Rxb2 R6a2 38.Rxa2 Rxa2 39.e7 Ra8 40.Nc6 
Re8 41.Kd4 h4 42.c5 Kxf5 43.cxd6 cxd6 44.Kc4 Kf4 
45.Kxb4 Kg3 46.Kc4 Kxg2 47.b4 Kxh3 48.b5 Kg3 49.b6 
h3 50.b7 h2 51.b8Q Rxb8 52.Nxb8 h1Q 53.e8Q Kf4 
54.Nc6 Qe4+ 55.Qxe4+ Kxe4 56.Nd8 f5 57.Nf7 f4 
58.Nxd6+ Ke3 59.Kc3 f3 60.Nc4+ Kf4 61.d6 f2 
62.Nd2 1-0

[Event "HCL-B3800"]
[Site "www.playchess.de"]
[Date "2006.01.20"]
[Round "1"]
[White "hctr2006"]
[Black "Ferdyrojo"]
[WhiteElo "1200"]
[BlackElo "1400"]
[PlyCount "68"]
[Result "1/2-1/2"]

1.e4 c5 2.Nf3 d6 3.d4 cxd4 4.Nxd4 Nf6 5.Nc3 a6 
6.Bc4 e6 7.Bg5 Be7 8.Bb3 Bd7 9.Qd2 Nc6 10.Nxc6 
Bxc6 11.f3 b5 12.Be3 a5 13.a3 a4 14.Ba2 O-O 15.O-O 
d5 16.exd5 Nxd5 17.Nxd5 Bxd5 18.Bxd5 Qxd5 19.Qxd5 
exd5 20.Rfd1 Rfd8 21.Bd4 Ra6 22.Rd3 Rc6 23.c3 Bc5 
24.Re1 Bxd4+ 25.Rxd4 Re6 26.Red1 Red6 27.Kf2 f5 
28.f4 Kf7 29.g3 Kf6 30.R1d2 R8d7 31.Re2 Re6 
32.Red2 Red6 33.Re2 Re6 34.Red2 Red6 {(offering 
draw) ¿Tablas? / Draw?}  1/2-1/2

[Event "HCL-C4038"]
[Site "www.playchess.de"]
[Date "2006.01.20"]
[Round "7"]
[White "Farquhart"]
[Black "garden"]
[WhiteElo "442"]
[BlackElo "1034"]
[PlyCount "94"]
[Result "0-1"]

1.e4 e5 2.Nf3 d6 3.d3 Bg4 4.h3 Be6 5.Bg5 f6 6.Bh4 
g5 7.Bg3 h5 8.Nc3 g4 9.hxg4 Bxg4 10.Bh4 Be7 11.Nd5 
c6 12.Nb4 d5 13.Be2 Bxb4+ 14.Nd2 dxe4 15.dxe4 Bxe2 
16.Qxe2 Ba5 17.c3 Ne7 18.Bxf6 Rf8 19.Bxe5 Bc7 
20.Qxh5+ Rf7 21.Qh8+ Kd7 22.Nb3 Qxh8 23.Rxh8 Bxe5 
24.Nc5+ Kd6 25.Nxb7+ Kc7 26.Nd8 Bxh8 27.Nxf7 Bf6 
28.e5 Bg7 29.Rd1 Nd7 30.Nd6 Bxe5 31.Nf7 Bh2 32.g4 
Rf8 33.Ng5 Rh8 34.f4 Bg3+ 35.Kd2 Rh2+ 36.Ke3 Nd5+ 
37.Kf3 Bf2 38.Ne6+ Kd6 39.Nd4 Bh4 40.Nf5+ Kc7 
41.Nxh4 Rxh4 42.g5 Rxf4+ 43.Kg3 Rf5 44.g6 Rg5+ 
45.Kh4 Rxg6 46.c4 Nf4 47.b4 Nf6 0-1

[Event "HCL-C4030"]
[Site "www.playchess.de"]
[Date "2006.01.20"]
[Round "11"]
[White "garden"]
[Black "sigma40"]
[WhiteElo "1034"]
[BlackElo "1144"]
[PlyCount "71"]
[Result "1-0"]

1.e4 e5 2.Nf3 Nc6 3.Bb5 Nf6 4.Bxc6 dxc6 5.d3 Bg4 
6.h3 Bh5 7.g4 Bg6 8.c3 Bc5 9.Nxe5 Nxe4 10.dxe4 Qh4 
11.Qd7+ Kf8 12.Nxg6+ hxg6 13.Rh2 Re8 14.Qd3 Bd6 
15.Rh1 f5 16.Qf3 Qe7 17.gxf5 gxf5 18.Qxf5+ Kg8 
19.f3 Rf8 20.Qg4 Rf7 21.Bg5 Qf8 22.Ke2 Be7 23.Bxe7 
Rxe7 24.Nd2 b5 25.Rad1 Qf6 26.Qc8+ Qf8 27.Qxf8+ 
Kxf8 28.b4 Rh4 29.Nf1 Ke8 30.Ng3 Rf4 31.Nf5 Rf7 
32.Ke3 R4xf5 33.exf5 Rxf5 34.Rhe1 Rd5 35.Rxd5 cxd5 
36.Kd4+ 1-0

[Event "HCL-E1535"]
[Site "www.playchess.de"]
[Date "2006.01.20"]
[Round "2"]
[White "ippuli"]
[Black "temple"]
[WhiteElo "1614"]
[BlackElo "1727"]
[PlyCount "39"]
[Result "1-0"]

1.e4 {Happy new year! Good luck...}  e5 2.d4 exd4 
3.c3 dxc3 4.Bc4 cxb2 5.Bxb2 d6 6.Qb3 Qe7 7.Nc3 c6 
8.Nf3 Be6 9.Bxe6 fxe6 10.O-O Na6 11.Ba3 O-O-O 
12.e5 Qe8 13.Rfd1 d5 14.Rab1 Qd7 15.Nd4 Bxa3 
16.Qxa3 Re8 17.Rdc1 Qc7 18.Ncb5 Qe7 19.Nd6+ Kc7 
20.Rxb7+ 1-0

[Event "HCL-B3781"]
[Site "www.playchess.de"]
[Date "2006.01.20"]
[Round "14"]
[White "newplayer"]
[Black "Iron_Flower"]
[WhiteElo "1075"]
[BlackElo "1234"]
[PlyCount "77"]
[Result "1-0"]

1.e4 e5 {Hi, from Leeuwarden, the Netherlands}  
2.d4 {hallo groete uit bloemfontein suid africa}  
exd4 3.Qxd4 Nf6 4.Bg5 Be7 5.e5 Ng8 6.e6 dxe6 
7.Qxd8+ Bxd8 8.Bxd8 Kxd8 9.Nc3 Nf6 10.O-O-O+ Bd7 
11.Nf3 Nc6 12.Bb5 Ke7 13.Rhe1 a6 14.Bxc6 Bxc6 
15.Re3 Rad8 16.Rxd8 Rxd8 17.Rd3 Rxd3 18.cxd3 Bxf3 
19.gxf3 Nd7 20.d4 Kd6 21.Kd2 Nb6 22.Ne4+ Kd5 
23.Kd3 f6 24.Nc5 Kc6 25.Nxe6 g5 26.Nd8+ Kd7 
27.Nxb7 Nd5 28.Nc5+ Kc6 29.Nxa6 Nf4+ 30.Ke4 Nh3 
31.Kf5 Nxf2 32.Kxf6 Nd3 33.b3 Kd5 34.Nxc7+ Kxd4 
35.Kxg5 Nc1 36.f4 Nxa2 37.f5 Nb4 38.f6 Nd5 
39.Nxd5 1-0

[Event "HCL-C4026"]
[Site "www.playchess.de"]
[Date "2006.01.20"]
[Round "7"]
[White "cioran"]
[Black "Mongol"]
[WhiteElo "1214"]
[BlackElo "800"]
[PlyCount "81"]
[Result "1/2-1/2"]

1.d4 d5 2.Nf3 Nf6 3.Bg5 Ne4 4.e3 h6 5.Bh4 g5 6.Bg3 
Bf5 7.Nbd2 f6 8.Nxe4 dxe4 9.Nd2 Bg6 10.Be2 Nc6 
11.Bh5 Kf7 12.Bxg6+ Kxg6 13.Nxe4 Qd5 14.f3 e6 
15.Qd3 f5 16.Nc3 Qa5 17.O-O Nb4 18.Qb5 Qxb5 
19.Nxb5 Nxc2 20.Rac1 Nxe3 21.Rfe1 f4 22.Bf2 Bb4 
23.Nxc7 Rac8 24.Rxe3 fxe3 25.Bxe3 Bd6 26.Nxe6 
Rxc1+ 27.Bxc1 Re8 28.d5 Rc8 29.Bd2 Rc2 30.Bc3 Rc1+ 
31.Kf2 Bxh2 32.Nd8 Rc2+ 33.Kf1 Bg3 34.Nxb7 Rc1+ 
35.Ke2 Kf7 36.Bd4 {(offering draw)}  Re1+ 37.Kd3 
Rd1+ 38.Ke4 {(offering draw)}  Ke7 39.Bxa7 Re1+ 
40.Kd3 Rd1+ 41.Ke4 {(offering draw)} 
 1/2-1/2

[Event "HCL-B3819"]
[Site "www.playchess.de"]
[Date "2006.01.20"]
[Round "16"]
[White "WStanEvans"]
[Black "schnitzly"]
[WhiteElo "1181"]
[BlackElo "1301"]
[PlyCount "47"]
[Result "1-0"]

1.e4 {Greetings!}  e5 {Hi and much fun!}  2.f4 
exf4 3.Bc4 Qh4+ 4.Kf1 d6 5.Nc3 Bg4 6.Nf3 Bxf3 
7.Qxf3 Nc6 8.d3 Nd4 9.Qxf4 Qxf4+ 10.Bxf4 Nxc2 
11.Rc1 Nd4 12.Be3 Nc6 13.Ke2 Nf6 14.Rhf1 Be7 
15.Nb5 O-O 16.Nxc7 Rac8 17.Nb5 a6 18.Nd4 Ng4 
19.Nxc6 Rxc6 20.Bg1 Rfc8 21.Rcd1 b5 22.Bxf7+ Kh8 
23.Be6 Ne5 24.Bxc8 1-0

[Event "HCL-A2498"]
[Site "www.playchess.de"]
[Date "2006.01.20"]
[Round "12"]
[White "cabe"]
[Black "Eishockeytorwart"]
[WhiteElo "1415"]
[BlackElo "1849"]
[PlyCount "111"]
[Result "0-1"]

1.e4 {Viel Glück!}  e5 {viel glück aus 
mönchengladbach}  2.Nf3 Nc6 3.Bb5 a6 4.Bxc6 dxc6 
5.O-O Bg4 6.h3 Bxf3 7.Qxf3 Ne7 8.Qb3 b6 9.d3 Ng6 
10.Nc3 Be7 11.Ne2 O-O 12.Be3 Bg5 13.Bxg5 Qxg5 
14.d4 exd4 15.Nxd4 Qe5 16.Qc3 c5 17.Nf5 Qxc3 
18.bxc3 Rfe8 19.f3 Nf4 20.Kf2 Rad8 21.Rfd1 Kf8 
22.h4 a5 23.g3 Ng6 24.Ke3 Ne5 25.Kf4 Ng6+ 26.Ke3 
Ne5 27.Kf4 f6 28.Ke3 g6 29.Nh6 {Happy Newyear!}  
Kg7 {happy New Year}  30.Ng4 Nxg4+ 31.fxg4 Rxd1 
32.Rxd1 Re7 33.Rd5 h6 34.g5 hxg5 35.hxg5 f5 36.e5 
c6 37.Rd6 Rxe5+ 38.Kf4 Re4+ 39.Kf3 Rc4 40.Rd7+ Kf8 
41.Rd8+ Ke7 42.Rd3 Ra4 43.Re3+ Kd6 44.Rd3+ Kc7 
45.Rd2 Rxa2 46.Kf4 b5 47.Ke5 b4 48.cxb4 cxb4 
49.Kf6 b3 50.Rd3 b2 51.Rb3 a4 52.Rb4 a3 53.Kxg6 
Ra1 54.Kxf5 Rf1+ 55.Ke4 a2 56.Ra4 0-1

[Event "HCL-C4048"]
[Site "www.playchess.de"]
[Date "2006.01.20"]
[Round "6"]
[White "thor"]
[Black "Skipper_Robert"]
[WhiteElo "1005"]
[BlackElo "600"]
[PlyCount "60"]
[Result "0-1"]

1.e4 e5 2.Nf3 Nc6 3.Bb5 Nf6 4.O-O Nxe4 5.d4 f6 
6.Bxc6 bxc6 7.Nbd2 Nd6 8.dxe5 fxe5 9.Nxe5 Ba6 
10.Re1 Be7 11.Ndf3 O-O 12.b3 Bf6 13.Rb1 Re8 14.c4 
c5 15.Qd5+ Kf8 16.Ba3 c6 17.Qxd6+ Kg8 18.Nxd7 Bc8 
19.Nxf6+ Kf7 20.Nxe8 Bf5 21.Qxd8 Rxd8 22.Nc7 Rd7 
23.Na6 h5 24.Rbd1 Rb7 25.Nxc5 Rb5 26.Rd7+ Kg8 
27.Rxa7 Rb8 28.Ng5 Rd8 29.Ree7 Rd1+ 30.Re1 
Rxe1+ 0-1

[Event "HCL-C3991"]
[Site "www.playchess.de"]
[Date "2006.01.20"]
[Round "6"]
[White "JuliusCaesar"]
[Black "Roger_K"]
[WhiteElo "1153"]
[BlackElo "1132"]
[PlyCount "90"]
[Result "0-1"]

1.e4 {Good luck!}  e5 {Good luck to you too}  
2.Nf3 Nc6 3.Nc3 Nf6 4.d3 Bc5 5.Be2 Ng4 6.O-O d6 
7.h3 Nf6 8.a3 O-O 9.b4 Bb6 10.Bb2 Nd4 11.Nxd4 Bxd4 
12.Rb1 a6 13.Bf3 Bxc3 14.Bxc3 b6 15.Bd2 h6 16.c4 
c6 17.Be3 c5 18.bxc5 bxc5 19.Qc2 Bd7 20.Rb2 Qa5 
21.Ra2 {Merry Christmas! :)}  Ba4 {Merry Christmas 
to you too}  22.Qc1 Rab8 23.Bd2 Qb6 24.Bd1 Bxd1 
25.Rxd1 Qb3 26.Qc2 Qxc2 27.Rxc2 Rb3 28.Ra1 g5 
29.a4 Rxd3 30.Kf1 Nxe4 31.Be3 Rb8 32.Ke2 Rbb3 
33.g3 Nc3+ 34.Ke1 Rb1+ 35.Rxb1 Nxb1 36.Ke2 Ra3 
37.Rb2 Nc3+ 38.Kd2 Ne4+ 39.Ke2 Rxa4 40.Rb8+ Kg7 
41.Kd3 f5 42.Rb7+ Kg6 43.Rb6 Ra3+ 44.Ke2 Rc3 
45.Rxa6 Rxc4 0-1

[Event "HCL-B3677"]
[Site "www.playchess.de"]
[Date "2006.01.20"]
[Round "7"]
[White "leyima"]
[Black "sonnyspock"]
[WhiteElo "1316"]
[BlackElo "1192"]
[PlyCount "93"]
[Result "1-0"]

1.e4 e6 2.Nf3 d5 3.exd5 exd5 4.Be2 Nf6 5.O-O Be7 
6.Re1 O-O 7.d4 c6 8.Bg5 h6 9.Bxf6 Bxf6 10.h3 Nd7 
11.c3 Be7 12.Bd3 Nf6 13.Bc2 Re8 14.Nbd2 Qc7 15.Nb3 
Bd7 16.Qd2 a5 17.Qd3 Ne4 18.Re2 a4 19.Nbd2 Bf5 
20.Qe3 Bh7 21.Bxe4 dxe4 22.Ne5 f6 23.Ng4 f5 24.Ne5 
Bf6 25.Qf4 Bg5 26.Qh2 Bf6 27.f4 g5 28.g3 c5 29.h4 
cxd4 30.cxd4 Qb6 31.Ndc4 Qxd4+ 32.Qf2 Qxf2+ 
33.Kxf2 b5 34.Nd7 Bh8 35.Rd1 Rad8 36.Nce5 Bxe5 
37.fxe5 Rxe5 38.Nf6+ Kg7 39.Rxd8 Kxf6 40.hxg5+ 
hxg5 41.Rc2 f4 42.gxf4 gxf4 43.Rc6+ Kf5 44.Rf8+ 
Kg5 45.Rh8 Bf5 46.Rg8+ Bg6 47.Rcxg6+ 1-0

[Event "HCL-B3787"]
[Site "www.playchess.de"]
[Date "2006.01.20"]
[Round "3"]
[White "arsenic"]
[Black "longbow37"]
[WhiteElo "1072"]
[BlackElo "970"]
[PlyCount "56"]
[Result "0-1"]

1.e4 d5 2.exd5 Qxd5 3.Nc3 Qf5 4.Nf3 Nc6 5.d4 e5 
6.dxe5 Nxe5 7.Nxe5 Qxe5+ 8.Be2 Bb4 9.Bd2 Nf6 
10.O-O Ng4 11.Bxg4 O-O 12.Re1 Qd4 13.Bxc8 Raxc8 
14.Re4 Qd6 15.a3 Bc5 16.Bf4 Qb6 17.Be3 Bxe3 
18.Rxe3 Qxb2 19.Rb1 Qxa3 20.Rxb7 Rfd8 21.Qe1 Qc5 
22.Re7 Kf8 23.Nb5 Qxe7 24.Qb1 a6 25.Nxc7 Rxc7 
26.Rb3 Rxc2 {checkmate!}  27.h3 Qc7 28.Rb7 
Rc1+ 0-1

[Event "HCL-A2537"]
[Site "www.playchess.de"]
[Date "2006.01.20"]
[Round "4"]
[White "freno"]
[Black "slavi"]
[WhiteElo "1541"]
[BlackElo "1558"]
[PlyCount "109"]
[Result "1-0"]

1.e4 {Hello from Paris}  e6 {Hello from Plovdiv 
Bulgaria..."hallo from Paris?..let it be french 
defence!!!}  2.d4 d5 3.Nc3 Bb4 4.Bd2 Nf6 5.exd5 
exd5 6.Bd3 O-O 7.Nge2 Bxc3 8.Bxc3 Re8 9.O-O Ne4 
10.Re1 f5 11.Bxe4 fxe4 12.Ng3 Qg5 13.Qd2 Qxd2 
14.Bxd2 Bg4 15.f3 Bd7 16.fxe4 dxe4 17.Rxe4 Nc6 
18.Rxe8+ Rxe8 19.c3 Bg4 20.Re1 Rxe1+ 21.Bxe1 Na5 
22.Ne4 Nc4 23.b3 Nb6 24.Nc5 Bc8 25.Bg3 c6 26.c4 
Nd7 27.Nd3 Kf7 28.Kf2 g6 29.Ke3 Nf6 30.h3 Bf5 
31.b4 Be4 32.Ne1 Bb1 33.a3 Ke6 34.Bb8 a6 35.Nd3 
Bxd3 36.Kxd3 Nd7 37.Bc7 b5 38.g3 h5 39.g4 hxg4 
40.hxg4 Nf6 41.g5 Ne8 42.Bf4 Nd6 43.Bxd6 Kxd6 
44.c5+ Kd5 45.Ke3 Kc4 46.Ke4 Kb3 47.d5 cxd5+ 
48.Kxd5 Kxa3 49.c6 Kxb4 50.c7 a5 51.c8Q a4 52.Qc2 
a3 53.Kc6 Ka5 54.Qb3 b4 55.Kc5 1-0

[Event "HCL-B3695"]
[Site "www.playchess.de"]
[Date "2006.01.20"]
[Round "9"]
[White "pacman"]
[Black "stamma"]
[WhiteElo "1200"]
[BlackElo "1500"]
[PlyCount "108"]
[Result "0-1"]

1.d4 e5 2.dxe5 Nc6 3.Nf3 Qe7 4.Bg5 Qc5 {Salut    
dur dur !!}  5.Nc3 Nxe5 6.Na4 {hi, what does it 
means dur dur}  Nxf3+ 7.exf3 Qxg5 8.h4 Qa5+ 9.c3 
d5 10.b4 Bxb4 11.Rc1 Ba3 12.Qe2+ Be6 13.Qb5+ Qxb5 
14.Bxb5+ c6 15.Nb6 axb6 16.Rb1 cxb5 17.Rxb5 Bc5 
18.Rb2 d4 19.cxd4 Bxd4 20.Rd2 Bc3 21.Ke2 Bxd2 
22.Kxd2 Bxa2 23.Kc2 Be6 24.Rb1 Rc8+ 25.Kb2 Ne7 
26.g4 h5 27.g5 Ng6 28.Ka3 Nxh4 29.f4 Ra8+ 30.Kb4 
O-O 31.Kb5 Ra5+ 32.Kxb6 Rb8 33.Kxa5 Bf5 34.Rh1 Ng6 
35.Rxh5 Nxf4 36.Rh4 Ng6 37.Rd4 Ra8+ 38.Kb6 Rb8 
39.Ra4 Bd7 40.Ra7 Bc6 41.Kc7 Re8 42.Kd6 Re2 
43.Ra8+ Kh7 44.f3 Bxf3 45.Rc8 Bc6 46.Rc7 Rc2 
47.Rxf7 Bg2 48.Ke6 b5 49.Ra7 Bf1 50.Ra1 Bc4+ 
51.Kf5 Rf2+ 52.Kg4 Rf1 53.Ra5 Be6+ 54.Kh5 
Rh1+ 0-1

[Event "HCL-A2548"]
[Site "www.playchess.de"]
[Date "2006.01.20"]
[Round "7"]
[White "Alex77"]
[Black "Miguelito"]
[WhiteElo "1435"]
[BlackElo "1304"]
[PlyCount "59"]
[Result "1-0"]

1.e4 {Good game}  e5 2.Nf3 d6 {u2}  3.Bc4 h6 4.O-O 
Nf6 5.Re1 Nc6 6.c3 Be7 7.d4 Bg4 8.h3 Bh5 9.Nbd2 
O-O 10.Nb3 d5 11.exd5 Nxd5 12.dxe5 Nxe5 13.Rxe5 
Bxf3 14.Qxf3 c6 15.Bxd5 cxd5 16.Rxd5 Qc7 17.Bf4 
Qb6 18.Re1 Rfe8 19.Rde5 Kf8 20.R5e6 Qb5 21.Bxh6 
Bg5 22.Bxg5 Qxg5 23.R6xe8+ Rxe8 24.Rxe8+ Kxe8 
25.Qxb7 Qd8 26.Nd4 a5 27.Nc6 Qd1+ 28.Kh2 Qd6+ 
29.g3 Qc5 30.Qc8+ 1-0

[Event "HCL-B3836"]
[Site "www.playchess.de"]
[Date "2006.01.20"]
[Round "11"]
[White "PhilipKaveny"]
[Black "riziotis"]
[WhiteElo "1353"]
[BlackElo "1307"]
[PlyCount "51"]
[Result "1-0"]

1.e4 e5 2.f4 exf4 3.Nf3 Nc6 4.d4 Nf6 5.Bd3 d5 6.e5 
Qe7 7.O-O Ng4 8.Bxf4 Be6 9.h3 Nh6 10.c3 O-O-O 
11.a4 f6 12.b4 a5 13.b5 fxe5 14.Bxh6 gxh6 15.bxc6 
e4 16.cxb7+ Kb8 17.Ne5 Rd6 18.Bb5 Rg8 19.Nc6+ Rxc6 
20.Bxc6 Bxh3 21.Ra2 e3 22.Bxd5 Be6 23.Bxe6 Qxe6 
24.Qe2 Be7 25.Na3 Qh3 26.Qf3 1-0

[Event "HCL-C4099"]
[Site "www.playchess.de"]
[Date "2006.01.20"]
[Round "8"]
[White "donsimon"]
[Black "Ulpe"]
[WhiteElo "1025"]
[BlackElo "1559"]
[PlyCount "46"]
[Result "0-1"]

1.d4 Nf6 2.Nc3 d5 3.g3 Bf5 4.e3 e6 5.Qe2 c5 6.Qb5+ 
Nbd7 7.Qxb7 Bxc2 8.Bb5 Be7 9.Bc6 Rc8 10.Bxd7+ Qxd7 
11.Qxd7+ Kxd7 12.Nf3 Ne4 13.Ne5+ Ke8 14.O-O cxd4 
15.Nb5 f6 16.Nf3 Bd3 17.Nxa7 Rc7 18.Rd1 Be2 19.Nb5 
Rc8 20.Rxd4 Bxb5 21.a4 Be2 22.Nd2 Nc5 23.b4 
Nxa4 0-1

[Event "HCL-A2561"]
[Site "www.playchess.de"]
[Date "2006.01.20"]
[Round "2"]
[White "Loulou"]
[Black "gridguy"]
[WhiteElo "1480"]
[BlackElo "1645"]
[PlyCount "75"]
[Result "1/2-1/2"]

1.e4 {good luck}  c5 2.Nf3 d6 {Ggood luck to you, 
too... Happy New Year from Seattle.}  3.d4 cxd4 
4.Nxd4 Nf6 5.Nc3 g6 6.Be3 Bg7 7.Be2 Nc6 8.O-O O-O 
9.a3 a6 10.f4 e6 11.Bf3 e5 12.Nxc6 bxc6 13.f5 Rb8 
14.Rb1 h6 15.fxg6 fxg6 16.Qe2 d5 17.Bc5 Rf7 
18.exd5 Nxd5 19.Ne4 Bf8 20.Bxf8 Rxf8 21.b4 Nc3 
22.Nxc3 Qd4+ 23.Kh1 Qxc3 24.Rb3 Qd4 25.Bxc6 Be6 
26.Rbb1 Bc4 27.Rxf8+ Rxf8 28.Qe4 Qxe4 29.Bxe4 Kg7 
30.Kg1 h5 31.h3 Rf4 32.Re1 h4 33.a4 Kf7 34.Bd3 
Bxd3 35.cxd3 Rxb4 36.Rxe5 Rxa4 37.Re1 a5 38.Rd1 
{(offering draw)}  1/2-1/2

[Event "HCL-C3971"]
[Site "www.playchess.de"]
[Date "2006.01.20"]
[Round "4"]
[White "Saladin"]
[Black "weeich"]
[WhiteElo "1417"]
[BlackElo "800"]
[PlyCount "49"]
[Result "1-0"]

1.b3 c5 2.Nc3 d5 {King Indian!!}  3.e3 e5 4.Bb5+ 
Bd7 5.Qe2 a6 6.Bxd7+ Qxd7 7.d4 Nc6 8.Nf3 e4 9.Ne5 
Nxe5 10.dxe5 f6 11.Na4 Qc7 12.exf6 Nxf6 13.Ba3 Be7 
14.Bb2 O-O 15.Rd1 Rad8 16.c4 b5 17.cxb5 axb5 
18.Qxb5 Ng4 19.Rd2 Rdb8 20.Qf1 Nxe3 21.Qe2 Nxg2+ 
22.Kf1 Nf4 23.Qe3 Bf6 24.Nxc5 Rb5 
25.Ba3 1-0

[Event "HCL-B3693"]
[Site "www.playchess.de"]
[Date "2006.01.20"]
[Round "21"]
[White "Jeffery_Lau"]
[Black "JMD"]
[WhiteElo "1017"]
[BlackElo "1371"]
[PlyCount "84"]
[Result "0-1"]

1.e4 e5 {hello from Paris}  2.Nf3 Nf6 3.Nc3 Nc6 
4.Bc4 Bc5 5.h3 a6 6.O-O h6 7.Qe2 d6 8.a3 b5 9.Bd5 
Nxd5 10.Nxd5 Be6 11.b4 Nd4 12.Qd3 Ba7 13.Bb2 c6 
14.Nxd4 exd4 15.Nf4 Bc4 16.Qg3 Bxf1 17.Qxg7 Rf8 
18.Rxf1 Qe7 19.Bxd4 Bxd4 20.Qxd4 c5 21.Qd5 Rc8 
22.Re1 Qe5 23.Qb7 Kd8 24.Nd5 Re8 25.Nb6 Qe6 
26.Nxc8 Qxc8 27.Qxf7 cxb4 28.Qf6+ Kc7 29.axb4 Qd7 
30.Qxh6 Re6 31.Qe3 Kb7 32.Ra1 Rg6 33.e5 d5 34.f4 
Qg7 35.g4 Rh6 36.Re1 Qh7 37.Kh2 Qxc2 38.f5 Qb2 
39.Qxh6 Qxb4 40.e6 Qd6+ 41.Kg2 d4 42.Qg7+ 
Kb6 0-1

[Event "HCL-B3823"]
[Site "www.playchess.de"]
[Date "2006.01.20"]
[Round "7"]
[White "Skipper_Robert"]
[Black "dynamike"]
[WhiteElo "957"]
[BlackElo "1610"]
[PlyCount "152"]
[Result "1/2-1/2"]

1.d4 Nf6 2.Nc3 g6 3.e4 d6 4.d5 Bg7 5.h3 c6 6.Bc4 
cxd5 7.exd5 Nbd7 8.Be3 Ne5 9.b3 Nxc4 10.bxc4 O-O 
11.Nf3 e6 12.Qd3 e5 13.Ng5 h6 14.Nf3 Bf5 15.Qd2 
Re8 16.Bxh6 e4 17.Nd4 Bd7 18.O-O Rc8 19.Bxg7 Kxg7 
20.Rfe1 Rxc4 21.Rab1 Qa5 22.Nde2 Rec8 23.Rb3 Qc7 
24.Reb1 b6 25.Rf1 a5 26.a4 Bxa4 27.Nxa4 Rxa4 28.c3 
Rc4 29.Rc1 Rc5 30.Nf4 g5 31.Ne2 Rxd5 32.Qb2 Qc5 
33.Rxb6 e3 34.fxe3 Qxe3+ 35.Kh1 Ne4 36.c4+ Re5 
37.Rxd6 Nf2+ 38.Kh2 Qxe2 39.Rc2 Qe3 40.Rxf2 Kg8 
41.Rd7 Rf8 42.Qc2 Qe4 43.Qa2 Rf5 44.Rdd2 Rxf2 
45.Rxf2 Qe5+ 46.Kg1 Rd8 47.Qb1 a4 48.Qc1 a3 49.Rf1 
Qc5+ 50.Kh1 Rd4 51.Qe3 Rxc4 52.Qe8+ Qf8 53.Qe3 Qc5 
54.Qf3 Rf4 55.Qa8+ Kg7 56.Re1 Qb4 57.Re3 Rf1+ 
58.Kh2 Qf4+ 59.Rg3 Rh1+ 60.Kxh1 Qxg3 61.Qd5 Kh6 
62.Qxf7 Qf4 63.Qe6+ Kh5 64.Qe2+ Kh4 65.Qe1+ Qg3 
66.Qe4+ {I can not stop this way}  Qf4 67.Qh7+ Kg3 
68.Qd3+ Kh4 69.Qxa3 Qf1+ 70.Kh2 Kh5 71.Qg3 Qf4 
72.Qxf4 gxf4 73.Kh1 Kg5 74.Kh2 Kh4 75.Kh1 Kg5 
76.Kh2 Kh4 {(offering draw)}  1/2-1/2

[Event "HCL-E1485"]
[Site "www.playchess.de"]
[Date "2006.01.20"]
[Round "5"]
[White "pruliere"]
[Black "terry"]
[WhiteElo "1818"]
[BlackElo "1731"]
[PlyCount "65"]
[Result "1/2-1/2"]

1.d4 Nf6 2.c4 e6 3.Nf3 b6 4.Bg5 Be7 5.Nc3 Bb7 6.e3 
O-O 7.Bd3 d6 8.O-O c5 9.dxc5 bxc5 10.Re1 Nc6 
{Bonjour/bonsoir Mr Gerard
Good evening sir.My apologies for not doing the 
niceties earlier.
Forgive the awful pun but it must be nice to live 
in Nice.
My French is not good but I would love to practise 
it.Vive la France!}  11.Qb3 {Hello 
Terry,
yes it is nice...mild but still mixed 
climate..
 I went to look for Bahrain onto Thomas's 
page...Looks quite warm overthere!!}  Nb4 {Ca va 
Gerard ?Aujourdui 25C.
Quesque page de Thomas? Bon chance!}  12.Bb1 {si 
tu cliques sur le drapeau à côté de ton nom, tu 
peux avoir beaucoup de données sur lepays 
correspondant!}  Bxf3 {Ah! Thomas Stahl.Je 
comprend.
Porquoi Bb4 ?
How do you say en Francais  ?
I smell a rat !}  13.gxf3 {non non...tu as un 
petit avantage maintenant!!!}  Nd7 14.Bxe7 Qxe7 
15.Qd1 f5 16.f4 a6 17.Qf3 Rac8 18.Kh1 Nc6 19.Rg1 
Rc7 20.Bc2 Nb6 21.Qe2 e5 22.fxe5 Nxe5 23.a4 a5 
24.Rad1 Rd7 25.b3 f4 26.Qh5 {Terry, 

je quitte ma maison pour Noel..Je reviens le 2 
janvier..Je ne sais pas si je pourrais jouer 
pendant ce temps! Bonne année à toi....}  g6 
{Merry Christmas Gerard and then a healthy and 
happy New Year!}  27.e4 {same to you Terry!}  Kh8 
28.Qh3 h5 29.f3 Qf6 30.Rd2 h4 31.Rdg2 {hello 
Terry, I feel like we're going to draw this game!} 
 Rg8 {If you like I don't mind Gerard.}  32.R2g5 
{let play few more moves...we'll see}  Rh7 33.Nb5 
{(offering draw) well terry, in all honesty, i 
don't know what to do...You may have a tiny edge 
cause of my terrible bishop but nothing really 
clear though
thanks for the game and conversation if you agree 
the draw
see you soon on playchess}  1/2-1/2

[Event "HCL-C4085"]
[Site "www.playchess.de"]
[Date "2006.01.20"]
[Round "8"]
[White "Maneco"]
[Black "Mauro_R_Santos"]
[WhiteElo "1190"]
[BlackElo "1100"]
[PlyCount "34"]
[Result "0-1"]

1.e4 {Aí, mauro, tudo bem?}  e5 2.Nf3 Qf6 {tudo 
bem sim ... conheço vc !?}  3.Bc4 {Acho que não!}  
Bc5 4.O-O Nh6 5.h3 d6 6.Re1 Qg6 7.Nh4 Qf6 8.Nf3 
Qg6 9.Kh2 Bxf2 10.Rf1 Qg3+ 11.Kh1 Bxh3 12.Rg1 Ng4 
13.Bf1 f5 14.gxh3 Bxg1 15.hxg4 fxg4 16.d3 gxf3 
17.Qxf3 {Tudo estava indo tão bem. Pq não tomei o 
Bispo????????? Putz que cagada.}  Qh2+ {Não se 
preocupe ... vc vai superar isso !!} 
 0-1